000
00343 a2200169 4500
001
184504
020
_a
85-08-05745-8
040
_c
Magnum
100
_a
Bandeira, Pedro
240
1
0
_a
Prova de fogo
_l
por
245
1
0
_a
Prova de fogo
300
_a
95
362
0
_a
2002
440
1
_a
Ática
697
_a
LITERATURA JUVENIL
942
_c
BK
999
_c
184504
_d
184504